[Event "Titled Tuesday intern op 30th May Early"]
[Site "Chess.com INT"]
[Date "2023.05.30"]
[Round "2"]
[White "Fridman, Daniel"]
[Black "Szabo, Marcell"]
[Result "1-0"]
[WhiteElo "2574"]
[BlackElo "1895"]
[PlyCount "73"]
[EventDate "2023.05.30"]
[EventType "swiss (blitz)"]
[EventRounds "11"]
[EventCountry "USA"]
[SourceTitle "CBM 214 Extra"]
[Source "ChessBase"]
[SourceDate "2023.07.31"]
[SourceVersion "1"]
[SourceVersionDate "2023.07.31"]
[SourceQuality "1"]

1. d4 Nf6 2. Nf3 d5 3. c4 c6 4. g3 Bg4 5. Ne5 Be6 6. cxd5 Bxd5 7. f3 Nbd7 8. Nc3 Be6 9. e4 Nxe5 10. dxe5 Qxd1+ 11. Nxd1 Nd7 12. f4 Bg4 13. Nc3 0-0-0 14. h3 Bf3 15. Rh2 Nc5 16. Bg2 Nd3+ 17. Kf1 Bxg2+ 18. Rxg2 Nxc1 19. Rxc1 e6 20. a3 Kb8 21. f5 Be7 22. Ne2 Bg5 23. Nf4 Bxf4 24. gxf4 Rd4 25. Re1 g6 26. fxe6 fxe6 27. Kf2 Rf8 28. Ke3 c5 29. h4 Rfd8 30. h5 Rd3+ 31. Kf2 gxh5 32. f5 Rf8 33. f6 Kc7 34. Rg7+ Rd7 35. Reg1 Rff7 36. Rxf7 Rxf7 37. Rg7 1-0

[Event "Titled Tuesday intern op 04th Apr Early"]
[Site "Chess.com INT"]
[Date "2023.04.04"]
[Round "2"]
[White "Kubatko, Ivan"]
[Black "Szabo, Marcell"]
[Result "1-0"]
[WhiteElo "2257"]
[BlackElo "1895"]
[PlyCount "131"]
[EventDate "2023.04.04"]
[EventType "swiss (blitz)"]
[EventRounds "11"]
[EventCountry "USA"]
[SourceTitle "EXT 2024"]
[Source "ChessBase"]
[SourceDate "2023.10.10"]
[SourceVersion "1"]
[SourceVersionDate "2023.10.10"]
[SourceQuality "1"]

1. e4 c6 2. d4 d5 3. exd5 cxd5 4. c4 Nf6 5. Nc3 g6 6. cxd5 Nxd5 7. Qb3 Nxc3 8. Bc4 e6 9. bxc3 Nc6 10. Nf3 Bd7 11. Bd3 Qb6 12. 0-0 Qxb3 13. axb3 a6 14. b4 Bd6 15. b5 Na7 16. bxa6 b5 17. Ba3 Ke7 18. Ne5 Rhf8 19. Rfb1 Rab8 20. Kf1 f6 21. Nxd7 Kxd7 22. Bxd6 Kxd6 23. Ra5 Rfc8 24. Rb3 e5 25. dxe5+ fxe5 26. Bxb5 Rc5 27. c4 e4 28. Ra1 Ke5 29. Ke2 Nc6 30. a7 Nd4+ 31. Kd1 Ra8 32. Rba3 Nxb5 33. cxb5 Rxb5 34. Ra5 Rxa5 35. Rxa5+ Kd4 36. Ke2 h6 37. h4 g5 38. h5 g4 39. g3 Kc4 40. Ke3 Kb4 41. Ra1 Kc5 42. Kxe4 Kd6 43. Kf5 Ke7 44. Kg6 Ke6 45. Kxh6 Kf5 46. Ra5+ Kf6 47. Ra6+ Kf7 48. Kg5 Rg8+ 49. Kh4 Ra8 50. Kxg4 Kg7 51. Kg5 Kh7 52. g4 Rg8+ 53. Kh4 Ra8 54. g5 Kg7 55. f4 Kh7 56. f5 Kg7 57. Kg4 Kh7 58. h6 Kg8 59. Kh5 Kf7 60. g6+ Kg8 61. f6 Kf8 62. h7 Ke8 63. h8Q+ Kd7 64. Qxa8 Kc7 65. Qb8+ Kd7 66. Rd6# 1-0

[Event "Titled Tuesday intern op 11th Oct Late"]
[Site "Chess.com INT"]
[Date "2022.10.11"]
[Round "2"]
[White "Szabo, Marcell"]
[Black "Gokerkan, Cem Kaan"]
[Result "0-1"]
[WhiteElo "1895"]
[BlackElo "2465"]
[PlyCount "56"]
[EventDate "2022.10.11"]
[EventType "swiss (blitz)"]
[EventRounds "11"]
[EventCountry "USA"]
[SourceTitle "EXT 2024"]
[Source "ChessBase"]
[SourceDate "2023.10.10"]
[SourceVersion "1"]
[SourceVersionDate "2023.10.10"]
[SourceQuality "1"]

1. e4 Nf6 2. e5 Nd5 3. d4 d6 4. c4 Nb6 5. exd6 cxd6 6. Nc3 g6 7. Nf3 Bg7 8. h3 0-0 9. Be3 Nc6 10. Be2 e5 11. d5 Ne7 12. 0-0 f5 13. Rc1 f4 14. Bxb6 axb6 15. a3 Nf5 16. Nb5 e4 17. Nfd4 Nxd4 18. Nxd4 Qf6 19. Ne6 Bxe6 20. dxe6 f3 21. e7 Rf7 22. Qd5 fxe2 23. Rfe1 Qxf2+ 24. Kh1 Re8 25. Qxe4 Rexe7 26. Qd5 Be5 27. Qd3 Qf4 28. g3 Qxg3 0-1

[Event "Titled Tuesday intern op 04th Oct Late"]
[Site "Chess.com INT"]
[Date "2022.10.04"]
[Round "2"]
[White "Szabo, Marcell"]
[Black "Fawzy, Adham"]
[Result "0-1"]
[WhiteElo "1895"]
[BlackElo "2481"]
[PlyCount "90"]
[EventDate "2022.10.04"]
[EventType "swiss (blitz)"]
[EventRounds "11"]
[EventCountry "USA"]
[SourceTitle "EXT 2023"]
[Source "ChessBase"]
[SourceDate "2022.10.05"]
[SourceVersion "1"]
[SourceVersionDate "2022.10.05"]
[SourceQuality "1"]

1. e4 c5 2. Nf3 Nc6 3. b4 cxb4 4. d4 e6 5. Bb2 d5 6. e5 Nge7 7. Bd3 Nf5 8. Bxf5 exf5 9. 0-0 Be6 10. Nbd2 Be7 11. Re1 0-0 12. Nf1 Na5 13. N1d2 Rc8 14. h3 f4 15. a3 b6 16. axb4 Bxb4 17. Ba3 Qe7 18. Bxb4 Qxb4 19. Nb3 Nxb3 20. cxb3 a5 21. Ng5 Bf5 22. Qf3 Qxd4 23. Rad1 Qb2 24. Rxd5 h6 25. Qxf4 Be6 26. Nxe6 fxe6 27. Qd4 Qxb3 28. Rd6 b5 29. Qg4 Rf5 30. Rd7 Rg5 31. Qe4 Qc4 32. Qb7 Rf8 33. Rc7 Qf4 34. Re2 b4 35. Rc5 Qd4 36. Qb5 b3 37. Rc1 a4 38. Qc6 Qd5 39. Qxd5 exd5 40. e6 a3 41. Re3 b2 42. Rce1 a2 43. e7 Re8 44. f4 Rf5 45. g4 Rxf4 0-1

[Event "Titled Tuesday intern op 20th Sep Early"]
[Site "Chess.com INT"]
[Date "2022.09.20"]
[Round "4"]
[White "Papasimakopoulos, Alexandros"]
[Black "Szabo, Marcell"]
[Result "1-0"]
[WhiteElo "2312"]
[BlackElo "1895"]
[PlyCount "119"]
[EventDate "2022.09.20"]
[EventType "swiss (blitz)"]
[EventRounds "11"]
[EventCountry "USA"]
[SourceTitle "EXT 2023"]
[Source "ChessBase"]
[SourceDate "2022.10.05"]
[SourceVersion "1"]
[SourceVersionDate "2022.10.05"]
[SourceQuality "1"]

1. d4 Nf6 2. c4 g6 3. Nc3 d6 4. e4 Bg7 5. f3 0-0 6. Nge2 e5 7. Be3 exd4 8. Nxd4 Nc6 9. Be2 Nxd4 10. Bxd4 Be6 11. 0-0 a6 12. Qd2 Ne8 13. Rac1 Bxd4+ 14. Qxd4 Qf6 15. Qd2 Qe5 16. Nd5 c6 17. f4 Qxe4 18. Bf3 cxd5 19. Bxe4 dxe4 20. Qd4 f5 21. c5 d5 22. Qe5 Ng7 23. Rfd1 Rfe8 24. Rxd5 Bxd5 25. Qxd5+ Kh8 26. Qxb7 Ne6 27. g3 Rac8 28. Qxa6 Nxc5 29. Qd6 e3 30. Rxc5 e2 31. Qd4+ Kg8 32. Qc4+ Kg7 33. Qc3+ Kh6 34. Rxc8 e1Q+ 35. Qxe1 Rxe1+ 36. Kf2 Rb1 37. Rc2 Kh5 38. h3 h6 39. a4 g5 40. a5 gxf4 41. gxf4 Kh4 42. Kg2 h5 43. Kf3 Rf1+ 44. Ke3 Kxh3 45. b4 Kg3 46. Ra2 Rf3+ 47. Kd4 Rxf4+ 48. Kc5 Re4 49. a6 Re8 50. a7 Ra8 51. b5 f4 52. b6 f3 53. b7 f2 54. bxa8Q f1Q 55. Qb8+ Kg4 56. Qg8+ Kh3 57. Ra3+ Kh2 58. Qg3+ Kh1 59. a8Q+ Qg2 60. Qaxg2# 1-0

[Event "Titled Tuesday intern op 02nd Aug Late"]
[Site "Chess.com INT"]
[Date "2022.08.02"]
[Round "3"]
[White "Curtis, John"]
[Black "Szabo, Marcell"]
[Result "0-1"]
[WhiteElo "2292"]
[BlackElo "1895"]
[PlyCount "58"]
[EventDate "2022.08.02"]
[EventType "swiss (blitz)"]
[EventRounds "11"]
[EventCountry "USA"]
[SourceTitle "EXT 2023"]
[Source "ChessBase"]
[SourceDate "2022.10.05"]
[SourceVersion "1"]
[SourceVersionDate "2022.10.05"]
[SourceQuality "1"]

1. e4 c5 2. Nf3 b6 3. d4 cxd4 4. Nxd4 Bb7 5. Bd3 g6 6. c4 Bg7 7. Nf3 Nc6 8. 0-0 d6 9. Re1 Nf6 10. Nc3 0-0 11. h3 Nd7 12. Bf4 Nde5 13. Nxe5 dxe5 14. Be3 Nd4 15. Nb5 a6 16. Nxd4 exd4 17. Bd2 e5 18. Rc1 f5 19. Bb4 Rf7 20. c5 fxe4 21. Bxe4 bxc5 22. Bxc5 Qh4 23. Bxb7 Qxf2+ 24. Kh1 Rxb7 25. b4 a5 26. Rf1 Qxa2 27. Qf3 Qf7 28. Qe4 Qd7 29. bxa5 Rxa5 0-1

[Event "Titled Tuesday intern op 10th May Late"]
[Site "Chess.com INT"]
[Date "2022.05.10"]
[Round "6"]
[White "Szabo, Marcell"]
[Black "Wieczorek, Oskar"]
[Result "1-0"]
[WhiteElo "1895"]
[BlackElo "2505"]
[PlyCount "117"]
[EventDate "2022.05.10"]
[EventType "swiss (blitz)"]
[EventRounds "11"]
[EventCountry "USA"]
[SourceTitle "CBM 208 Extra"]
[Source "ChessBase"]
[SourceDate "2022.07.31"]
[SourceVersion "1"]
[SourceVersionDate "2022.07.31"]
[SourceQuality "1"]

1. e4 c5 2. Nf3 e6 3. c3 Nf6 4. e5 Nd5 5. d4 cxd4 6. cxd4 b6 7. Nc3 Nxc3 8. bxc3 Bb7 9. Bd3 Qc7 10. Bd2 d6 11. 0-0 Nd7 12. Re1 dxe5 13. Nxe5 Nxe5 14. Rxe5 Bd6 15. Rh5 g6 16. Rh3 h5 17. Bg5 Be7 18. Qd2 Rc8 19. Bf4 Bd6 20. Bg5 Be7 21. Bf4 Qc6 22. Rg3 Bh4 23. Qe2 a6 24. Rf3 0-0 25. Bh6 Qxc3 26. Rd1 Bxf3 27. Qe5 f6 28. Qxe6+ Kh8 29. Bxf8 Rxf8 30. gxf3 Qxd4 31. Qe3 Qxe3 32. fxe3 a5 33. Kf1 f5 34. Rc1 Rd8 35. Ke2 Rd6 36. Rc7 Bg5 37. e4 fxe4 38. Bxe4 Bf4 39. h3 Rd2+ 40. Ke1 Rd6 41. Rb7 Kg8 42. a4 Kf8 43. Ke2 Rd2+ 44. Ke1 Rd6 45. Ke2 Be5 46. Ke3 g5 47. Bf5 Rd1 48. Ke4 Re1+ 49. Kd5 Bf4 50. Bg6 Re5+ 51. Kc4 h4 52. Rxb6 Re3 53. Be4 Re1 54. Ra6 Ke7 55. Rxa5 Rh1 56. Bf5 Rf1 57. Bg4 Kd6 58. Ra6+ Ke5 59. Re6# 1-0

[Event "Titled Tuesday intern op 11th Jan"]
[Site "Chess.com INT"]
[Date "2022.01.11"]
[Round "4"]
[White "Szabo, Marcell"]
[Black "Wagh, Suyog"]
[Result "0-1"]
[WhiteElo "1895"]
[BlackElo "2210"]
[PlyCount "56"]
[EventDate "2022.01.11"]
[EventType "swiss (blitz)"]
[EventRounds "11"]
[EventCountry "USA"]
[SourceTitle "CBM 206 Extra"]
[Source "ChessBase"]
[SourceDate "2022.03.31"]
[SourceVersion "1"]
[SourceVersionDate "2022.03.31"]
[SourceQuality "1"]

1. e4 c5 2. Nf3 Nc6 3. b4 Nxb4 4. c3 Nc6 5. d4 d5 6. dxc5 e6 7. exd5 exd5 8. c4 d4 9. Nbd2 Bxc5 10. Nb3 Bb4+ 11. Bd2 Qe7+ 12. Qe2 Bxd2+ 13. Kxd2 Be6 14. a3 Rd8 15. Qe1 Nf6 16. Bd3 0-0 17. h4 a5 18. Kd1 b5 19. Nxa5 Nxa5 20. Qxa5 bxc4 21. Bb1 c3 22. Re1 d3 23. Ne5 c2+ 24. Bxc2 dxc2+ 25. Kxc2 Bf5+ 26. Kb2 Rb8+ 27. Ka2 Be6+ 28. Nc4 Bxc4# 0-1

[Event "Titled Tuesday intern op 28th Dec"]
[Site "Chess.com INT"]
[Date "2021.12.28"]
[Round "5"]
[White "Andersson, Bjorn2222"]
[Black "Szabo, Marcell"]
[Result "0-1"]
[WhiteElo "2129"]
[BlackElo "1895"]
[PlyCount "90"]
[EventDate "2021.12.28"]
[EventType "swiss (blitz)"]
[EventRounds "11"]
[EventCountry "USA"]
[SourceTitle "CBM 206 Extra"]
[Source "ChessBase"]
[SourceDate "2022.03.31"]
[SourceVersion "1"]
[SourceVersionDate "2022.03.31"]
[SourceQuality "1"]

1. e4 e5 2. Nf3 Nc6 3. d4 Nxd4 4. Nxd4 exd4 5. Qxd4 d6 6. Nc3 Nf6 7. Bg5 Be7 8. 0-0-0 Be6 9. e5 dxe5 10. Qxe5 Qc8 11. Ne4 Nxe4 12. Bxe7 Kxe7 13. Qxe4 c6 14. Bd3 Qc7 15. Rhe1 Kf8 16. f4 Bd5 17. Qb4+ Kg8 18. Re7 a5 19. Rde1 Be6 20. Rxc7 axb4 21. f5 Bd5 22. g4 h6 23. Rxb7 Rxa2 24. Re8+ Kh7 25. f6+ g6 26. Rxh8+ Kxh8 27. Rxb4 Ra1+ 28. Kd2 Rh1 29. Rd4 Rxh2+ 30. Kc1 Rf2 31. c4 Be6 32. Rd6 Rxf6 33. Rxc6 Rf2 34. b4 Bxg4 35. b5 Kg7 36. b6 Bf3 37. Rc7 h5 38. c5 h4 39. Bc4 Be4 40. c6 h3 41. b7 h2 42. Rxf7+ Rxf7 43. Bxf7 h1Q+ 44. Kd2 Qh2+ 45. Ke3 Bxc6 0-1

[Event "Titled Tuesday intern op 28th Dec"]
[Site "Chess.com INT"]
[Date "2021.12.28"]
[Round "8"]
[White "Szabo, Marcell"]
[Black "Nagy, Gabor"]
[Result "0-1"]
[WhiteElo "1895"]
[BlackElo "2527"]
[PlyCount "124"]
[EventDate "2021.12.28"]
[EventType "swiss (blitz)"]
[EventRounds "11"]
[EventCountry "USA"]
[SourceTitle "CBM 206 Extra"]
[Source "ChessBase"]
[SourceDate "2022.03.31"]
[SourceVersion "1"]
[SourceVersionDate "2022.03.31"]
[SourceQuality "1"]

1. e4 c5 2. Nf3 d6 3. Bb5+ Bd7 4. c4 Nf6 5. Nc3 g6 6. d3 Bg7 7. 0-0 0-0 8. h3 Bc8 9. Bg5 a6 10. Ba4 h6 11. Be3 Nc6 12. Qd2 Kh7 13. Nd5 Rb8 14. Rae1 b5 15. Bc2 bxc4 16. dxc4 Rxb2 17. e5 Nxd5 18. cxd5 Bf5 19. dxc6 Rxc2 20. Qd1 dxe5 21. Qxd8 Rxd8 22. Rc1 Rc8 23. Rxc2 Bxc2 24. Rc1 Be4 25. Rxc5 Rxc6 26. Ra5 Bxf3 27. gxf3 g5 28. Kg2 Kg6 29. Kf1 f5 30. Ke2 e6 31. a3 h5 32. Bd2 Bf6 33. Bb4 e4 34. fxe4 fxe4 35. Ke3 Bd8 36. Re5 Bb6+ 37. Kxe4 Bxf2 38. Bd2 Bh4 39. Ra5 g4 40. hxg4 hxg4 41. Ra4 Bg5 42. Ba5 Rc2 43. Bb6 g3 44. Rxa6 Rc6 45. Kf3 Bd8 46. Kxg3 Rxb6 47. Ra8 Bc7+ 48. Kf3 Kf5 49. Ke3 Be5 50. a4 Rb3+ 51. Ke2 Ra3 52. a5 Ke4 53. a6 Ra2+ 54. Kd1 Kd3 55. Ke1 Bd4 56. Kf1 e5 57. a7 Bxa7 58. Rh8 e4 59. Rh3+ Be3 60. Rh8 Rf2+ 61. Ke1 Rg2 62. Rh1 Ra2 0-1

[Event "Titled Tuesday intern op 13th Apr"]
[Site "Chess.com INT"]
[Date "2021.04.13"]
[Round "3"]
[White "Ardila, Oscar Humberto"]
[Black "Szabo, Marcell"]
[Result "0-1"]
[WhiteElo "1988"]
[BlackElo "1895"]
[PlyCount "126"]
[EventDate "2021.04.13"]
[EventType "swiss (blitz)"]
[EventRounds "11"]
[EventCountry "USA"]
[SourceTitle "CBM 201 Extra"]
[Source "ChessBase"]
[SourceDate "2021.05.31"]
[SourceVersion "1"]
[SourceVersionDate "2021.05.31"]
[SourceQuality "1"]

1. d4 d5 2. c4 e5 3. cxd5 Qxd5 4. e3 exd4 5. Qxd4 Qxd4 6. exd4 Nc6 7. Be3 Nf6 8. Bb5 Bb4+ 9. Nc3 Bd7 10. 0-0-0 0-0-0 11. Nf3 a6 12. Ba4 Na5 13. Ne5 Be6 14. Kb1 Bxc3 15. bxc3 Nd5 16. Bd2 f6 17. Nd3 Nc4 18. Nc5 Bf5+ 19. Kc1 b6 20. Nxa6 Kb7 21. Nb4 Nxb4 22. cxb4 Rxd4 23. Bc3 Rxd1+ 24. Rxd1 Nd6 25. Bb3 Be4 26. f3 Bc6 27. Re1 h5 28. Re7 h4 29. h3 Nf5 30. Re2 Rd8 31. Be6 Ng3 32. Rd2 Re8 33. Bd5 Nf1 34. Bxc6+ Kxc6 35. Rd3 Re2 36. Bd2 Rxg2 37. a4 Nxd2 38. Rxd2 Rg3 39. Rf2 Rxh3 40. Kd2 Rh1 41. Ke3 Ra1 42. b5+ Kd5 43. Rc2 Ra3+ 44. Kf4 Rxa4+ 45. Kf5 Rc4 46. Rd2+ Kc5 47. Rd7 Kxb5 48. Rxg7 c5 49. Rg6 Ka4 50. Rxf6 b5 51. Ra6+ Kb3 52. Rh6 b4 53. f4 Ka2 54. Rxh4 b3 55. Rh8 b2 56. Rh1 b1Q+ 57. Rxb1 Kxb1 58. Ke5 Rc1 59. f5 c4 60. Kd4 c3 61. f6 c2 62. f7 Rf1 63. f8Q Rxf8 0-1

[Event "Titled Tuesday intern op 13th Apr"]
[Site "Chess.com INT"]
[Date "2021.04.13"]
[Round "2"]
[White "Efimenko, Zahar"]
[Black "Szabo, Marcell"]
[Result "1-0"]
[WhiteElo "2601"]
[BlackElo "1895"]
[PlyCount "122"]
[EventDate "2021.04.13"]
[EventType "swiss (blitz)"]
[EventRounds "11"]
[EventCountry "USA"]
[SourceTitle "CBM 201 Extra"]
[Source "ChessBase"]
[SourceDate "2021.05.31"]
[SourceVersion "1"]
[SourceVersionDate "2021.05.31"]
[SourceQuality "1"]

1. e4 Nf6 2. e5 Nd5 3. d4 d6 4. Nf3 g6 5. Bc4 Nb6 6. Bb3 Bg7 7. h3 0-0 8. Qe2 c5 9. dxc5 dxc5 10. 0-0 Nc6 11. Na3 a6 12. Rd1 Qc7 13. Bf4 Be6 14. Bxe6 fxe6 15. Bg3 h6 16. Qe4 g5 17. c3 Rf5 18. Nc2 Raf8 19. Ne3 Rxf3 20. gxf3 Bxe5 21. Qg6+ Kh8 22. Qxh6+ Kg8 23. Qxg5+ Kh8 24. Qh6+ Kg8 25. Qxe6+ Kh8 26. Qh6+ Kg8 27. Qg6+ Kh8 28. Nf5 e6 29. Qh6+ Kg8 30. Qxe6+ Kh8 31. Kh1 Bxg3 32. fxg3 Qh7 33. Nh4 Rg8 34. Qf6+ Qg7 35. Qxg7+ Rxg7 36. Nf5 Rf7 37. g4 Rf6 38. Kg2 Nc4 39. b3 Rxf5 40. gxf5 Ne3+ 41. Kg3 Nxf5+ 42. Kf4 Nfe7 43. Rd7 Kg7 44. Re1 Kf6 45. Rexe7 Nxe7 46. Rxe7 Kxe7 47. Ke5 b5 48. f4 c4 49. b4 Kf7 50. f5 Ke7 51. f6+ Kf7 52. Kf5 a5 53. a3 a4 54. Ke5 Kf8 55. Ke6 Ke8 56. h4 Kf8 57. f7 Kg7 58. Ke7 Kg6 59. f8Q Kh7 60. Qf5+ Kg8 61. Qg5+ Kh8 1-0

[Event "Titled Tuesday intern op 13th Apr"]
[Site "Chess.com INT"]
[Date "2021.04.13"]
[Round "1"]
[White "Szabo, Marcell"]
[Black "Botea, David Alexandru"]
[Result "1-0"]
[WhiteElo "1895"]
[BlackElo "2015"]
[PlyCount "47"]
[EventDate "2021.04.13"]
[EventType "swiss (blitz)"]
[EventRounds "11"]
[EventCountry "USA"]
[SourceTitle "CBM 201 Extra"]
[Source "ChessBase"]
[SourceDate "2021.05.31"]
[SourceVersion "1"]
[SourceVersionDate "2021.05.31"]
[SourceQuality "1"]

1. e4 e6 2. d4 d5 3. exd5 exd5 4. c4 dxc4 5. Bxc4 Nf6 6. Nf3 Bb4+ 7. Nc3 0-0 8. 0-0 b6 9. Bg5 h6 10. Bh4 Bb7 11. a3 Bxc3 12. bxc3 Nbd7 13. Re1 Re8 14. Qb3 Rxe1+ 15. Rxe1 Qf8 16. Ne5 Re8 17. Bxf7+ Kh7 18. Bxe8 Qxe8 19. Qb1+ Kg8 20. Nxd7 Qxd7 21. Bxf6 Qg4 22. f3 Bxf3 23. Qa2+ Kh7 24. Be5 1-0

[Event "Chess.com Bullet op1"]
[Site "Chess.com INT"]
[Date "2020.12.19"]
[Round "15"]
[White "Iturrizaga Bonelli, Eduardo"]
[Black "Szabo, Marcell"]
[Result "1-0"]
[WhiteElo "2607"]
[BlackElo "1895"]
[PlyCount "129"]
[EventDate "2020.12.19"]
[EventType "swiss (blitz)"]
[EventRounds "21"]
[EventCountry "USA"]
[SourceTitle "EXT 2022"]
[Source "ChessBase"]
[SourceDate "2021.10.06"]
[SourceVersion "1"]
[SourceVersionDate "2021.10.06"]
[SourceQuality "1"]

1. Nf3 Nf6 2. c4 g6 3. Nc3 Bg7 4. g3 0-0 5. Bg2 d6 6. 0-0 e5 7. d4 exd4 8. Nxd4 a6 9. Qc2 Re8 10. Rd1 Nbd7 11. Bf4 Rb8 12. Rac1 Nc5 13. Nb3 Nxb3 14. axb3 Bd7 15. c5 dxc5 16. Ne4 b6 17. b4 Qe7 18. Nxf6+ Bxf6 19. bxc5 bxc5 20. Qxc5 Qxc5 21. Rxc5 Bb5 22. e3 c6 23. b4 Red8 24. Rcc1 Rxd1+ 25. Rxd1 Rc8 26. Bh3 Re8 27. Rc1 Be7 28. Bd7 Rd8 29. Rd1 Bxb4 30. Bc7 Rf8 31. Rc1 c5 32. Bg4 c4 33. Be5 Re8 34. Bd4 a5 35. h4 f5 36. Bf3 Rc8 37. Bd5+ Kf8 38. Be6 Rc6 39. Bd7 c3 40. Bxc6 Bxc6 41. Bxc3 Bb5 42. Bxb4+ axb4 43. Rb1 Bd7 44. Rxb4 Be6 45. Rd4 Kf7 46. Kg2 Kf6 47. Kf3 h5 48. Ke2 Bf7 49. f3 Be6 50. Kf2 Ke5 51. f4+ Kf6 52. e4 Ke7 53. e5 Bc8 54. Rd6 Bb7 55. Ke3 Kf7 56. Kd4 Be4 57. Kc5 Kg7 58. Rf6 Bb7 59. Kd6 Bc8 60. Ke7 Be6 61. Rxe6 Kh6 62. Rf6 Kg7 63. Rf7+ Kh6 64. Kf6 g5 65. fxg5# 1-0

[Event "Chess.com Bullet op1"]
[Site "Chess.com INT"]
[Date "2020.12.19"]
[Round "3"]
[White "Kane, Jeremy"]
[Black "Szabo, Marcell"]
[Result "1/2-1/2"]
[WhiteElo "2240"]
[BlackElo "1895"]
[PlyCount "121"]
[EventDate "2020.12.19"]
[EventType "swiss (blitz)"]
[EventRounds "21"]
[EventCountry "USA"]
[SourceTitle "EXT 2022"]
[Source "ChessBase"]
[SourceDate "2021.10.06"]
[SourceVersion "1"]
[SourceVersionDate "2021.10.06"]
[SourceQuality "1"]

1. d4 Nf6 2. Bg5 h6 3. Bf4 d6 4. Nd2 g5 5. Bg3 Bg7 6. e3 Bg4 7. Be2 Bxe2 8. Nxe2 Nbd7 9. c3 c6 10. Qb3 Qb6 11. Nc4 Qxb3 12. axb3 Ne4 13. Na5 Rb8 14. f3 Nxg3 15. hxg3 Nb6 16. g4 a6 17. Kd2 Kd7 18. Nc4 Nxc4+ 19. bxc4 Ra8 20. Ng3 b5 21. Nf5 Bf8 22. cxb5 cxb5 23. b4 e6 24. Ng3 Bg7 25. Ra5 e5 26. Rha1 exd4 27. exd4 d5 28. Rxa6 Rxa6 29. Rxa6 Bf8 30. Ra7+ Ke6 31. Rb7 Bd6 32. Nf5 Bf4+ 33. Kd3 h5 34. Rb6+ Kd7 35. Rxb5 hxg4 36. fxg4 Rh2 37. Rxd5+ Kc6 38. Ke4 Rxg2 39. Rc5+ Kd7 40. Rd5+ Kc6 41. Rc5+ Kd7 42. b5 Re2+ 43. Kd5 Rb2 44. c4 Rd2 45. b6 Be3 46. b7 Rb2 47. Rb5 Rxb5+ 48. cxb5 Kc7 49. Nxe3 Kxb7 50. Ke5 Kb6 51. Kf6 Kxb5 52. d5 Kc5 53. Kxf7 Kd6 54. Kg6 Ke5 55. Kxg5 Kd6 56. Kf6 Kd7 57. g5 Ke8 58. g6 Kf8 59. g7+ Kg8 60. Ng4 Kh7 61. Kf7 1/2-1/2

[Event "Chess.com Bullet op1"]
[Site "Chess.com INT"]
[Date "2020.12.19"]
[Round "6"]
[White "Szabo, Marcell"]
[Black "Grochal, Joey"]
[Result "1-0"]
[WhiteElo "1895"]
[BlackElo "2335"]
[PlyCount "151"]
[EventDate "2020.12.19"]
[EventType "swiss (blitz)"]
[EventRounds "21"]
[EventCountry "USA"]
[SourceTitle "EXT 2022"]
[Source "ChessBase"]
[SourceDate "2021.10.06"]
[SourceVersion "1"]
[SourceVersionDate "2021.10.06"]
[SourceQuality "1"]

1. e3 c5 2. d4 cxd4 3. exd4 d5 4. Nf3 Nf6 5. h3 Nc6 6. Bd3 g6 7. 0-0 Bg7 8. c4 0-0 9. Nc3 dxc4 10. Bxc4 e6 11. Bg5 h6 12. Bh4 g5 13. Bg3 Nd5 14. Bxd5 exd5 15. Qb3 Nxd4 16. Nxd4 Bxd4 17. Qxd5 Bxc3 18. Qxd8 Rxd8 19. bxc3 Be6 20. Be5 Rd2 21. Bd4 b6 22. a4 Bc4 23. Rfe1 Rd8 24. a5 Rd7 25. axb6 axb6 26. Ra8+ Kh7 27. g4 R7xd4 28. cxd4 Rxd4 29. Rb8 b5 30. Re7 Kg6 31. Rb6+ Kg7 32. Kg2 Rd1 33. Kf3 Rd3+ 34. Ke4 Rxh3 35. f4 gxf4 36. Kxf4 Rd3 37. Rbb7 Rd6 38. Kg3 Rf6 39. Rec7 Kg6 40. Rc5 Rf1 41. Kg2 Rd1 42. Kf2 Rd2+ 43. Ke3 Rd3+ 44. Kf4 Rd4+ 45. Ke5 Rxg4 46. Rc6+ Kg7 47. Rb8 Rg5+ 48. Kd4 Rg6 49. Rcc8 h5 50. Rg8+ Kf6 51. Rh8 Kg5 52. Rh7 f5 53. Rbh8 f4 54. Rxh5+ Kf6 55. Rh4 Rg5 56. Rxf4+ Kg6 57. Rff8 Kg7 58. Ra8 Kg6 59. Rhb8 Kf5 60. Kc3 Kg4 61. Kb4 Rf5 62. Rf8 Rf4 63. Rg8+ Kf3 64. Rge8 Re4 65. Reb8 Ke3 66. Ka5 Bd5 67. Kb6 b4 68. Ra3+ b3 69. Kb5 Rd4 70. Kc5 Ke4 71. Rbxb3 Rc4+ 72. Kd6 Rd4 73. Re3+ Kf4 74. Rf3+ Bxf3+ 75. Ke7 Kg3 76. Ra4 1-0

[Event "Chess.com Bullet op2"]
[Site "Chess.com INT"]
[Date "2020.12.19"]
[Round "4"]
[White "Szabo, Marcell"]
[Black "Mis, Mieszko"]
[Result "0-1"]
[WhiteElo "1895"]
[BlackElo "2358"]
[PlyCount "76"]
[EventDate "2020.12.19"]
[EventType "swiss (blitz)"]
[EventRounds "21"]
[EventCountry "USA"]
[SourceTitle "EXT 2022"]
[Source "ChessBase"]
[SourceDate "2021.10.06"]
[SourceVersion "1"]
[SourceVersionDate "2021.10.06"]
[SourceQuality "1"]

1. e4 g6 2. d4 Bg7 3. Nf3 d6 4. c3 Nf6 5. h3 Nxe4 6. Bd3 Nf6 7. 0-0 0-0 8. Bg5 Nc6 9. Qd2 e5 10. Re1 Re8 11. Bh6 e4 12. Bxg7 Kxg7 13. d5 Nb8 14. Bb5 c6 15. dxc6 bxc6 16. Nd4 cxb5 17. Nxb5 d5 18. N1a3 Nc6 19. Nc2 Rb8 20. a4 a6 21. Nbd4 Ne5 22. Ne3 Nd3 23. Reb1 Qe7 24. Nc6 Qd6 25. Nxb8 Qxb8 26. b4 Nh5 27. Nxd5 Nhf4 28. Nxf4 Nxf4 29. Qd4+ Kg8 30. b5 Ne2+ 31. Kh1 Nxd4 32. cxd4 e3 33. fxe3 Bxh3 34. gxh3 Rxe3 35. bxa6 Rxh3+ 36. Kg2 Qg3+ 37. Kf1 Rh2 38. a7 Qf2# 0-1

[Event "USA-ch Online Swiss 2400+"]
[Site "Chess.com INT"]
[Date "2020.11.29"]
[Round "9"]
[White "Ehlvest, Jaan"]
[Black "Szabo, Marcell"]
[Result "1-0"]
[WhiteElo "2517"]
[BlackElo "1895"]
[PlyCount "125"]
[EventDate "2020.11.29"]
[EventType "swiss (blitz)"]
[EventRounds "12"]
[EventCountry "USA"]
[SourceTitle "CBM 199 Extra"]
[Source "ChessBase"]
[SourceDate "2021.01.31"]
[SourceVersion "1"]
[SourceVersionDate "2021.01.31"]
[SourceQuality "1"]

1. d4 d5 2. Nf3 Nf6 3. e3 Bg4 4. c4 e6 5. Nc3 c6 6. h3 Bh5 7. Qb3 Qb6 8. Nh4 Be7 9. g4 Bg6 10. Nxg6 hxg6 11. Bg2 Nbd7 12. Bd2 Qc7 13. Rc1 dxc4 14. Qxc4 Nb6 15. Qb3 Qd6 16. g5 Nfd5 17. Ne4 Qd8 18. h4 Rc8 19. Nc5 Qc7 20. Nd3 Bd6 21. Qd1 Ne7 22. e4 Qd7 23. a4 Na8 24. Nc5 Bxc5 25. dxc5 Nc7 26. Bc3 Rh7 27. Qb3 Na6 28. Be5 Rd8 29. Bd6 Nc8 30. e5 Nxd6 31. cxd6 Rc8 32. Be4 Kf8 33. h5 Rxh5 34. Rxh5 gxh5 35. Qf3 Kg8 36. Qxh5 g6 37. Bxg6 fxg6 38. Qxg6+ Kf8 39. Qf6+ Kg8 40. Ke2 Qf7 41. d7 Qh5+ 42. Kd2 Rf8 43. Qxf8+ Kxf8 44. d8Q+ Kg7 45. Qf6+ Kg8 46. Qxe6+ Kg7 47. Qf6+ Kg8 48. e6 Qh4 49. Qf7+ Kh8 50. Qf8+ Kh7 51. Qh6+ Qxh6 52. gxh6 Kxh6 53. e7 Nc7 54. Rg1 Kh7 55. f4 Ne8 56. f5 b5 57. axb5 cxb5 58. b4 a6 59. Ke3 Nf6 60. Kd4 Ne8 61. Ke5 Kh8 62. f6 Kh7 63. f7 1-0